Ľudský kapitál a ekonomický rast
Slovenská spoločnosť je poznačená stagnáciou prirodzeného prírastku obyvateľstva - súvis s vývojom na trhu práce v nasledujúcich rokoch. Obavy odborníkov z odlivu kvalifikovanej pracovnej sily do zahraničia. Podiel ľudského kapitálu na celkovom raste HDP. Obsah termínu ľudský kapitál. Analýza teórie...
Na minha lista:
| Autor principal: | |
|---|---|
| Outros Autores: | |
| Formato: | Capítulo de Livro |
| Idioma: | eslovaco inglês |
| Assuntos: | |
| Tags: |
Sem tags, seja o primeiro a adicionar uma tag!
|
MARC
| LEADER | 00000naa a2200000 4500 | ||
|---|---|---|---|
| 001 | r044171 | ||
| 005 | 20240502071338.5 | ||
| 041 | 0 | |a slo | |
| 041 | 0 | |a eng | |
| 044 | |a SK | ||
| 245 | 1 | 0 | |a Ľudský kapitál a ekonomický rast |c Ján Lisý, Anetta Čaplanová |
| 520 | |a Slovenská spoločnosť je poznačená stagnáciou prirodzeného prírastku obyvateľstva - súvis s vývojom na trhu práce v nasledujúcich rokoch. Obavy odborníkov z odlivu kvalifikovanej pracovnej sily do zahraničia. Podiel ľudského kapitálu na celkovom raste HDP. Obsah termínu ľudský kapitál. Analýza teórie ľudského kapitálu. Význam investícií do ľudského kapitálu. | ||
| 610 | 2 | 0 | |a kapitál ľudský |
| 610 | 2 | 0 | |a rast hospodársky |
| 610 | 2 | 0 | |a prírastok obyvateľstva |
| 610 | 2 | 0 | |a trh práce |
| 610 | 2 | 0 | |a sily pracovné |
| 610 | 2 | 0 | |a vzdelanie |
| 610 | 2 | 0 | |a produkt domáci hrubý |
| 610 | 2 | 0 | |a stagnácia |
| 610 | 2 | 0 | |a migrácia |
| 610 | 2 | 0 | |a Slovensko |
| 100 | 1 | |a Lisý, Ján | |
| 700 | 1 | |a Čaplánová, Anetta, 1967- | |